000 00603nam a22001577a 4500
003 OSt
005 20151031084353.0
008 151031b xxu||||| |||| 00| 0 eng d
040 _cRUA
082 _aATM.s MAK 2004 B004 Or.1
100 _93085
_aMAK, SOPHY.
245 _aTechniques of growing tobacco in tbong khmom distrct kampong cham province, បច្ចេកទេសដាំដុះថ្នាំជក់ នៅស្រុកត្បូងឃ្មុំ ខេត្តកំពង់ចាម
260 _aPhnom Penh
_bRUA
_c2004
300 _aix, 42p.
_bill.
_c29cm.
942 _2ddc
_cATMSP
999 _c2875
_d2875